| 000 | 01542cam a22003857a 4500 | ||
|---|---|---|---|
| 001 | 17477542 | ||
| 005 | 20230320155200.0 | ||
| 008 | 120927s2012 nyua 001 0 eng d | ||
| 010 | _a 2011277855 | ||
| 020 | _a9780756698416 | ||
| 020 | _a0756698413 | ||
| 035 | _a(OCoLC)ocn809932784 | ||
| 040 |
_aIEB _cIEB _dOCLCO _dIK2 _dDLC |
||
| 042 | _alccopycat | ||
| 050 | 0 | 0 |
_aQB981 _b.U557 2012 |
| 082 | 0 | 4 |
_a523.1 _223 _bREE |
| 245 | 0 | 0 |
_aUniverse / _cgeneral editor, Martin Rees. |
| 246 | 1 | 4 |
_aUniverse : _bthe definitive visual guide |
| 246 | 3 | _aDK Smithsonian universe | |
| 250 | _aRev. ed. | ||
| 260 |
_aNew York : _bDK Pub., _c2012. |
||
| 300 |
_a528 p. : _bcol. ill. ; _c31 cm. |
||
| 500 | _aAt head of title: DK Smithsonian. | ||
| 500 | _aIncludes index. | ||
| 505 | 0 | _aWhat is the universe? -- The beginning and the end of the universe -- The view from Earth -- The solar system -- The Milky Way -- Beyond the Milky Way -- The constellations -- Monthly sky guide. | |
| 520 | _a"Universe reveals space in all its awe-inspiring wonder"--Jacket. | ||
| 650 | 0 |
_aCosmology _vPopular works. _9110702 |
|
| 700 | 1 |
_aRees, Martin J., _d1942- _910938 |
|
| 710 | 2 |
_aDK Publishing, Inc. _938272 |
|
| 710 | 2 |
_aSmithsonian Institution. _9110703 |
|
| 856 | 4 | 2 |
_3Publisher description _uhttp://www.loc.gov/catdir/enhancements/fy1301/2011277855-d.html |
| 906 |
_a7 _bcbc _ccopycat _d1 _encip _f20 _gy-gencatlg |
||
| 942 |
_2ddc _cBK |
||
| 999 |
_c593882 _d593882 |
||